000 00201 a2200097 4500
001 11109
100 _aM. Noman
245 _aOur Struggle
260 _a
_bPakistan Publication
_c
090 _c8664
_d8664
942 _aNUST-CAE
_cM
_c35449
999 _c246182
_d246182